[Event "World Cup 2023 Open"]
[Site "Baku, Azerbaijan"]
[Date "????.??.??"]
[Round "31.10"]
[White "Ivanchuk Vasyl (UKR)"]
[Black "Sanal Vahap (TUR)"]
[Result "1/2-1/2"]
[WhiteFideId "14100010"]
[BlackFideId "6300545"]
[WhiteElo "2667"]
[BlackElo "2585"]

1. e4 {[%clk 00:25:19]} e5 {[%clk 00:25:18]} {[%emt 00:00:02]} 2. Nf3 {[%clk
00:25:28]} {[%emt 00:00:01]} Nc6 {[%clk 00:25:27]} {[%emt 00:00:02]} 3. Bb5
{[%clk 00:25:38]} Nf6 {[%clk 00:25:33]} {[%emt 00:00:03]} 4. d3 {[%clk
00:25:46]} {[%emt 00:00:02]} Bc5 {[%clk 00:25:39]} {[%emt 00:00:03]} 5. c3
{[%clk 00:25:50]} {[%emt 00:00:07]} O-O {[%clk 00:25:41]} {[%emt 00:00:08]} 6.
O-O {[%clk 00:25:53]} {[%emt 00:00:06]} d5 {[%clk 00:25:49]} {[%emt 00:00:02]}
7. Nbd2 {[%clk 00:26:01]} {[%emt 00:00:03]} dxe4 {[%clk 00:25:54]} {[%emt
00:00:04]} 8. dxe4 {[%clk 00:26:10]} {[%emt 00:00:01]} Qe7 {[%clk 00:25:56]}
{[%emt 00:00:07]} 9. a4 {[%clk 00:25:55]} {[%emt 00:00:25]} a5 {[%clk
00:25:42]} {[%emt 00:00:23]} 10. Qc2 {[%clk 00:25:45]} {[%emt 00:00:20]} Nb8
{[%clk 00:24:52]} {[%emt 00:01:00]} 11. Bd3 {[%clk 00:25:33]} {[%emt 00:00:22]}
b6 {[%clk 00:23:02]} {[%emt 00:02:00]} 12. Nc4 {[%clk 00:25:30]} {[%emt
00:00:13]} Nbd7 {[%clk 00:23:09]} {[%emt 00:00:03]} 13. Bg5 {[%clk 00:25:36]}
{[%emt 00:00:04]} Bb7 {[%clk 00:22:40]} {[%emt 00:00:39]} 14. Bh4 {[%clk
00:23:47]} {[%emt 00:01:59]} Rfe8 {[%clk 00:22:14]} {[%emt 00:00:36]} 15. Rad1
{[%clk 00:23:19]} {[%emt 00:00:38]} h6 {[%clk 00:21:09]} {[%emt 00:01:16]} 16.
Bg3 {[%clk 00:22:54]} {[%emt 00:00:35]} Bd6 {[%clk 00:19:25]} {[%emt 00:01:53]}
17. Nfd2 {[%clk 00:21:27]} {[%emt 00:01:37]} Nc5 {[%clk 00:18:30]} {[%emt
00:01:05]} 18. Nxd6 {[%clk 00:21:36]} {[%emt 00:00:01]} cxd6 {[%clk 00:18:33]}
{[%emt 00:00:07]} 19. Rfe1 {[%clk 00:20:56]} {[%emt 00:00:51]} Nxd3 {[%clk
00:15:36]} {[%emt 00:03:08]} 20. Qxd3 {[%clk 00:21:04]} {[%emt 00:00:01]} Qe6
{[%clk 00:15:36]} {[%emt 00:00:09]} 21. f3 {[%clk 00:19:29]} {[%emt 00:01:45]}
Nd7 {[%clk 00:15:02]} {[%emt 00:00:44]} 22. c4 {[%clk 00:19:28]} {[%emt
00:00:11]} Nc5 {[%clk 00:14:54]} {[%emt 00:00:18]} 23. Qc2 {[%clk 00:19:38]}
{[%emt 00:00:01]} Rf8 {[%clk 00:12:57]} {[%emt 00:02:06]} 24. Nf1 {[%clk
00:18:31]} {[%emt 00:01:16]} Rae8 {[%clk 00:10:54]} {[%emt 00:02:14]} 25. Ne3
{[%clk 00:17:19]} {[%emt 00:01:22]} g6 {[%clk 00:11:00]} {[%emt 00:00:04]} 26.
Nd5 {[%clk 00:17:26]} {[%emt 00:00:03]} Bxd5 {[%clk 00:10:58]} {[%emt
00:00:12]} 27. Rxd5 {[%clk 00:17:35]} {[%emt 00:00:01]} Rd8 {[%clk 00:08:54]}
{[%emt 00:02:14]} 28. Qd2 {[%clk 00:17:04]} {[%emt 00:00:41]} Rd7 {[%clk
00:08:08]} {[%emt 00:00:56]} 29. Qxh6 {[%clk 00:16:56]} {[%emt 00:00:18]} Nxa4
{[%clk 00:06:08]} {[%emt 00:02:10]} 30. Qd2 {[%clk 00:17:05]} {[%emt 00:00:01]}
Nc5 {[%clk 00:06:11]} {[%emt 00:00:07]} 31. Rd1 {[%clk 00:17:13]} {[%emt
00:00:03]} Rfd8 {[%clk 00:06:09]} {[%emt 00:00:11]} 32. Bf2 {[%clk 00:16:56]}
{[%emt 00:00:27]} Nb3 {[%clk 00:05:05]} {[%emt 00:01:13]} 33. Qg5 {[%clk
00:14:56]} {[%emt 00:02:10]} Nc5 {[%clk 00:05:05]} {[%emt 00:00:10]} 34. h4
{[%clk 00:14:51]} {[%emt 00:00:15]} f5 {[%clk 00:02:34]} {[%emt 00:02:41]} 35.
exf5 {[%clk 00:12:38]} {[%emt 00:02:23]} Qxf5 {[%clk 00:02:42]} {[%emt
00:00:01]} 36. Be3 {[%clk 00:12:27]} {[%emt 00:00:21]} Qe6 {[%clk 00:01:27]}
{[%emt 00:01:26]} 37. h5 {[%clk 00:10:06]} {[%emt 00:02:32]} Kf7 {[%clk
00:01:35]} {[%emt 00:00:01]} 38. Bf2 {[%clk 00:10:15]} gxh5 {[%clk 00:01:18]}
{[%emt 00:00:27]} 39. Qxh5+ {[%clk 00:10:23]} {[%emt 00:00:02]} Kg7 {[%clk
00:01:24]} {[%emt 00:00:04]} 40. R1d4 {[%clk 00:08:49]} {[%emt 00:01:45]} Rg8
{[%clk 00:01:33]} {[%emt 00:00:01]} 41. Rg4+ {[%clk 00:04:58]} {[%emt
00:04:00]} Kf8 {[%clk 00:01:41]} {[%emt 00:00:02]} 42. Be3 {[%clk 00:05:07]}
{[%emt 00:00:01]} Rxg4 {[%clk 00:01:34]} {[%emt 00:00:17]} 43. fxg4 {[%clk
00:05:16]} Kg7 {[%clk 00:01:07]} {[%emt 00:00:37]} 44. Rd1 {[%clk 00:04:33]}
{[%emt 00:00:53]} Qg6 {[%clk 00:00:43]} {[%emt 00:00:34]} 45. Qf5 {[%clk
00:04:42]} {[%emt 00:00:02]} Qe6 {[%clk 00:00:15]} {[%emt 00:00:37]} 46. Kh2
{[%clk 00:04:24]} {[%emt 00:00:28]} Qg6 {[%clk 00:00:12]} {[%emt 00:00:13]} 47.
Kh3 {[%clk 00:03:53]} {[%emt 00:00:41]} Rd8 {[%clk 00:00:20]} {[%emt 00:00:03]}
48. Kh2 {[%clk 00:03:40]} {[%emt 00:00:23]} Ne4 {[%clk 00:00:18]} {[%emt
00:00:12]} 49. Kg1 {[%clk 00:03:05]} {[%emt 00:00:45]} Qxf5 {[%clk 00:00:21]}
{[%emt 00:00:07]} 50. gxf5 {[%clk 00:03:14]} {[%emt 00:00:01]} Kf6 {[%clk
00:00:30]} {[%emt 00:00:01]} 51. Rf1 {[%clk 00:02:53]} {[%emt 00:00:31]} b5
{[%clk 00:00:24]} {[%emt 00:00:16]} 52. cxb5 {[%clk 00:02:55]} {[%emt
00:00:08]} d5 {[%clk 00:00:33]} {[%emt 00:00:01]} 53. Bb6 {[%clk 00:02:22]}
{[%emt 00:00:43]} Rb8 {[%clk 00:00:42]} {[%emt 00:00:01]} 54. Bxa5 {[%clk
00:02:32]} Rxb5 {[%clk 00:00:39]} {[%emt 00:00:13]} 55. Bd8+ {[%clk 00:02:40]}
{[%emt 00:00:02]} Kf7 {[%clk 00:00:48]} 56. Rc1 {[%clk 00:02:35]} {[%emt
00:00:15]} Rxb2 {[%clk 00:00:29]} {[%emt 00:00:29]} 57. Rc7+ {[%clk 00:02:43]}
{[%emt 00:00:02]} Ke8 {[%clk 00:00:24]} {[%emt 00:00:15]} 58. Bh4 {[%clk
00:02:51]} {[%emt 00:00:01]} Kf8 {[%clk 00:00:18]} {[%emt 00:00:16]} 59. Re7
{[%clk 00:02:36]} {[%emt 00:00:25]} Rb1+ {[%clk 00:00:17]} {[%emt 00:00:12]} 60.
Kh2 {[%clk 00:02:45]} {[%emt 00:00:01]} Nf2 {[%clk 00:00:24]} {[%emt 00:00:02]}
61. Kg3 {[%clk 00:02:07]} {[%emt 00:00:46]} Nh1+ {[%clk 00:00:32]} {[%emt
00:00:03]} 62. Kh2 {[%clk 00:02:08]} {[%emt 00:00:09]} Nf2 {[%clk 00:00:40]}
{[%emt 00:00:01]} 63. Rd7 {[%clk 00:00:44]} {[%emt 00:01:35]} Rf1 {[%clk
00:00:28]} {[%emt 00:00:22]} 64. Rxd5 {[%clk 00:00:27]} {[%emt 00:00:28]} Ng4+
{[%clk 00:00:36]} {[%emt 00:00:01]} 65. Kh3 {[%clk 00:00:32]} {[%emt 00:00:05]}
Ne3 {[%clk 00:00:36]} {[%emt 00:00:10]} 66. Rd8+ {[%clk 00:00:40]} {[%emt
00:00:02]} Kf7 {[%clk 00:00:45]} 67. Rd7+ {[%clk 00:00:31]} {[%emt 00:00:19]}
Ke8 {[%clk 00:00:25]} {[%emt 00:00:29]} 68. Re7+ {[%clk 00:00:21]} {[%emt
00:00:20]} Kf8 {[%clk 00:00:34]} {[%emt 00:00:01]} 69. Rxe5 {[%clk 00:00:30]}
Nxf5 {[%clk 00:00:36]} {[%emt 00:00:09]} 70. Bg5 {[%clk 00:00:38]} {[%emt
00:00:02]} Kf7 {[%clk 00:00:36]} {[%emt 00:00:10]} 71. Kg4 {[%clk 00:00:43]}
{[%emt 00:00:05]} Nd6 {[%clk 00:00:28]} {[%emt 00:00:19]} 72. Re7+ {[%clk
00:00:48]} {[%emt 00:00:04]} Kg8 {[%clk 00:00:36]} {[%emt 00:00:02]} 73. Rd7
{[%clk 00:00:56]} {[%emt 00:00:02]} Ne4 {[%clk 00:00:32]} {[%emt 00:00:14]} 74.
Rd8+ {[%clk 00:01:02]} {[%emt 00:00:05]} Kg7 {[%clk 00:00:40]} {[%emt
00:00:02]} 75. Be3 {[%clk 00:01:10]} {[%emt 00:00:02]} Nf6+ {[%clk 00:00:46]}
{[%emt 00:00:05]} 76. Kh3 {[%clk 00:01:17]} {[%emt 00:00:02]} Kf7 {[%clk
00:00:38]} {[%emt 00:00:18]} 77. Bd4 {[%clk 00:01:23]} {[%emt 00:00:04]} Rd1
{[%clk 00:00:32]} {[%emt 00:00:16]} 78. Kg3 {[%clk 00:01:22]} {[%emt 00:00:11]}
Ne4+ {[%clk 00:00:23]} {[%emt 00:00:21]} 79. Kf4 {[%clk 00:01:20]} {[%emt
00:00:11]} Nc5 {[%clk 00:00:30]} {[%emt 00:00:03]} 80. Ke5 {[%clk 00:01:23]}
{[%emt 00:00:07]} Nb3 {[%clk 00:00:19]} {[%emt 00:00:20]} 81. Rd7+ {[%clk
00:01:27]} {[%emt 00:00:06]} Ke8 {[%clk 00:00:26]} {[%emt 00:00:02]} 82. Rd5
{[%clk 00:01:37]} {[%emt 00:00:01]} Nxd4 {[%clk 00:00:24]} {[%emt 00:00:13]} 83.
Rxd4 {[%clk 00:01:46]} Rg1 {[%clk 00:00:26]} {[%emt 00:00:06]} 84. Ke6 {[%clk
00:01:50]} {[%emt 00:00:08]} Rxg2 {[%clk 00:00:30]} {[%emt 00:00:05]} 1/2-1/2